000 00332 a2200157 4500
001 44843
020 _a8588038064
040 _cAnchieta - Aquarius
100 _aAraújo, Rose
240 1 0 _aOs amigos da Lis
_lpor
245 1 0 _aOs amigos da Lis
300 _a24
362 0 _a2002
650 4 _aLiteratura infantil
942 _cBK
999 _c44843
_d44843